| 000 | 00362cam a22001337a 4500 | ||
|---|---|---|---|
| 008 | 180718b1954 xxu||||| |||| 00| 0 eng d | ||
| 082 | _aD4 L645 | ||
| 100 | _aLinebarger, P.M.A. | ||
| 245 |
_aPsychological warfare _cby P.M.A. Linebarger |
||
| 250 | _a2nd | ||
| 260 |
_aWashington _bCombat Forces Press _c1954 |
||
| 300 | _a318p. | ||
| 650 | _aPsychological warfare | ||
| 999 |
_c372327 _d372327 |
||